000
00272nam a2200109Ia 4500
005
20251222154404.0
008
251222s9999||||xx |||||||||||||| ||spa||
082
_a
868.9/A75
100
_a
"Arniches, Carlos"
245
0
_a
La seƱorita de trevelez es mi hombre
942
_c
LIB
999
_c
35424
_d
35424